Esquema de la economía mexicana, hasta antes de la revolución : (Record no. 103499)

MARC details
000 -CABECERA
campo de control de longitud fija 00678nam a2200205 a 4500
005 - FECHA Y HORA DE LA ÚLTIMA TRANSACCIÓN
campo de control 20230225063706.0
008 - ELEMENTOS DE LONGITUD FIJA--INFORMACIÓN GENERAL
campo de control de longitud fija 040116s1981 mx r 000 0 spa d
020 ## - NÚMERO INTERNACIONAL NORMALIZADO PARA LIBROS
Número Internacional Estándar del Libro 9684700148
035 ## - NÚMERO DE CONTROL DEL SISTEMA
Número de control de sistema UPN01000131344
049 ## - COLECCIÓN
Colección CG
050 #4 - SIGNATURA TOPOGRÁFICA DE LA BIBLIOTECA DEL CONGRESO
Número de clasificación HC134
Número de documento/Ítem H4.3 1981
100 1# - ASIENTO PRINCIPAL--NOMBRE PERSONAL
Nombre de persona Hernández, Octavio A.
245 10 - MENCIÓN DE TÍTULO
Título Esquema de la economía mexicana, hasta antes de la revolución :
Resto del título una advertencia para Iberoamérica /
Mención de responsabilidad, etc. Octavio A. Hernández.
250 ## - MENCIÓN DE EDICIÓN
Mención de edición 2a ed.
260 ## - PUBLICACIÓN, DISTRIBUCIÓN, ETC.
Lugar de publicación, distribución, etc. México :
Nombre del editor, distribuidor, etc. M. A. Porrúa,
Fecha de publicación, distribución, etc. 1981.
300 ## - DESCRIPCIÓN FÍSICA
Extensión 265 p.
651 #4 - ASIENTO SECUNDARIO DE MATERIA - NOMBRE GEOGRAFICO
Nombre geográfico MEXICO -
Subdivisión general CONDICIONES ECONOMICAS -
Subdivisión cronológica 1540-1810
651 #2 - ASIENTO SECUNDARIO DE MATERIA - NOMBRE GEOGRAFICO
Nombre geográfico México
Subdivisión general Condiciones económicas
Subdivisión cronológica Siglo XIX
9 (RLIN) 24843
905 ## - TIPO DE MATERIAL
Tipo de material Libro
Holdings
Estado de retiro Estado de pérdida Fuente del sistema de clasificación o colocación Estado dañado No para préstamo Código de colección Localización permanente Ubicación/localización actual Ubicación en estantería Total de préstamos Clasificación Código de barras Fecha visto por última vez Número de copia Tipo de ítem Koha
    Library of Congress Classification     Colección General Bib. Gregorio Torres Quintero Bib. Gregorio Torres Quintero Planta baja 2 HC134 H4.3 1981 209120 31/12/2020 1 Libro